| 000 | 00549nam a2200193Ia 4500 | ||
|---|---|---|---|
| 003 | OSt | ||
| 005 | 20200914115804.0 | ||
| 008 | 190216s9999||||xx |||||||||||||| ||und|| | ||
| 020 | _a9788122420166 | ||
| 040 | _coclc | ||
| 082 |
_a537 _bMEE/E |
||
| 100 |
_aMeenakumari, R _94571 |
||
| 245 | 0 |
_aElectromagnetic Fields / _cR Meenakumari ; R Subasri |
|
| 250 | _a2nd Ed. | ||
| 260 |
_bNew Age International Publishers, _aNew Delhi: _c2007. |
||
| 300 | _a438p | ||
| 650 | _aPhysics | ||
| 942 |
_cBK _2ddc _h537 _iMEE/E _k537 _mMEE/E |
||
| 999 |
_c34130 _d34130 |
||